000 01069nam a22003377a 4500
001 15331789
003 OSt
005 20210426124741.0
008 080616s2009 nyub 000 0 eng
010 _a 2008026423
020 _a9780385517058
040 _aDLC
_cDLC
_dDLC
050 0 0 _aJZ1305
_b.F75 2009
080 _a32
_bF-92
082 0 0 _a303.49
_222
100 1 _aFriedman, George.
245 1 4 _aThe next 100 years :
_ba forecast for the 21st century /
_cGeorge Friedman.
246 3 0 _aNext hundred years
250 _a1st ed.
260 _aNew York :
_bDoubleday,
_cc2009.
300 _axii, 253 p. :
_bmaps ;
_c25 cm.
365 _b25.95 usd
650 0 _aInternational relations
_xHistory
_y21st century.
650 0 _aTwenty-first century
_vForecasts.
650 0 _aWorld politics
_y21st century
_xForecasting.
650 0 _aInternational relations
_xForecasting.
653 _aპოლიტიკა
906 _a7
_bcbc
_corignew
_d1
_eecip
_f20
_gy-gencatlg
942 _2udc
_cBK
999 _c1067
_d1067